Algorithmic Regimes (Record no. 80948)

MARC details
000 -LEADER
fixed length control field 02762namaa2200529uu 4500
001 - CONTROL NUMBER
control field doab134130
003 - CONTROL NUMBER IDENTIFIER
control field oapen
005 - DATE AND TIME OF LATEST TRANSACTION
control field 20260218110428.0
006 - FIXED-LENGTH DATA ELEMENTS--ADDITIONAL MATERIAL CHARACTERISTICS
fixed length control field m o d
007 - PHYSICAL DESCRIPTION FIXED FIELD--GENERAL INFORMATION
fixed length control field cr|mn|---annan
008 - FIXED-LENGTH DATA ELEMENTS--GENERAL INFORMATION
fixed length control field 240215s2024 xx |||||o ||| 0|eng d
020 ## - INTERNATIONAL STANDARD BOOK NUMBER
International Standard Book Number 9789463728485
020 ## - INTERNATIONAL STANDARD BOOK NUMBER
International Standard Book Number 9789463728485
024 7# - OTHER STANDARD IDENTIFIER
Standard number or code 10.5117/9789463728485
Source of number or code doi
040 ## - CATALOGING SOURCE
Original cataloging agency oapen
Transcribing agency oapen
Modifying agency
041 0# - LANGUAGE CODE
Language code of text/sound track or separate title eng
042 ## - AUTHENTICATION CODE
Authentication code dc
245 00 - TITLE STATEMENT
Title Algorithmic Regimes
Remainder of title Methods, Interactions, and Politics
260 ## - PUBLICATION, DISTRIBUTION, ETC.
Place of publication, distribution, etc. Amsterdam
Name of publisher, distributor, etc. Amsterdam University Press
Date of publication, distribution, etc. 2024
300 ## - PHYSICAL DESCRIPTION
Extent 1 online resource (348 p.)
336 ## - CONTENT TYPE
Content type term text
Content type code txt
Source rdacontent
337 ## - MEDIA TYPE
Media type term computer
Media type code c
Source rdamedia
338 ## - CARRIER TYPE
Carrier type term online resource
Carrier type code cr
Source rdacarrier
490 1# - SERIES STATEMENT
Series statement Digital Studies
506 0# - RESTRICTIONS ON ACCESS NOTE
Standardized terminology for access restriction Unrestricted online access
Source of term star
520 ## - SUMMARY, ETC.
Summary, etc. Algorithms have risen to become one, if not the central technology for producing, circulating, and evaluating knowledge in multiple societal arenas. In this book, scholars from the social sciences, humanities, and computer science argue that this shift has, and will continue to have, profound implications for how knowledge is produced and what and whose knowledge is valued and deemed valid. To attend to this fundamental change, the authors propose the concept of algorithmic regimes and demonstrate how they transform the epistemological, methodological, and political foundations of knowledge production, sensemaking, and decision-making in contemporary societies. Across sixteen chapters, the volume offers a diverse collection of contributions along three perspectives on algorithmic regimes: the methods necessary to research and design algorithmic regimes, the ways in which algorithmic regimes reconfigure sociotechnical interactions, and the politics engrained in algorithmic regimes.
540 ## - TERMS GOVERNING USE AND REPRODUCTION NOTE
Terms governing use and reproduction Creative Commons
-- https://creativecommons.org/licenses/by-nc-nd/4.0/
-- cc
Uniform Resource Identifier <a href="https://creativecommons.org/licenses/by-nc-nd/4.0/">https://creativecommons.org/licenses/by-nc-nd/4.0/</a>
546 ## - LANGUAGE NOTE
Language note English
650 #7 - SUBJECT ADDED ENTRY--TOPICAL TERM
Topical term or geographic name entry element Algorithms and data structures
Source of heading or term bicssc
650 #7 - SUBJECT ADDED ENTRY--TOPICAL TERM
Topical term or geographic name entry element Data mining
Source of heading or term bicssc
650 #7 - SUBJECT ADDED ENTRY--TOPICAL TERM
Topical term or geographic name entry element Media studies
Source of heading or term bicssc
720 1# - ADDED ENTRY--UNCONTROLLED NAME
Name Jarke, Juliane
Relator code edt
720 1# - ADDED ENTRY--UNCONTROLLED NAME
Name Arnold, Maike
Relator code edt
720 1# - ADDED ENTRY--UNCONTROLLED NAME
Name Arnold, Maike
Relator code oth
720 1# - ADDED ENTRY--UNCONTROLLED NAME
Name Boeva, Yana
Relator code edt
720 1# - ADDED ENTRY--UNCONTROLLED NAME
Name Boeva, Yana
Relator code oth
720 1# - ADDED ENTRY--UNCONTROLLED NAME
Name Egbert, Simon
Relator code edt
720 1# - ADDED ENTRY--UNCONTROLLED NAME
Name Egbert, Simon
Relator code oth
720 1# - ADDED ENTRY--UNCONTROLLED NAME
Name Heuer, Hendrik
Relator code edt
720 1# - ADDED ENTRY--UNCONTROLLED NAME
Name Heuer, Hendrik
Relator code oth
720 1# - ADDED ENTRY--UNCONTROLLED NAME
Name Jarke, Juliane
Relator code oth
720 1# - ADDED ENTRY--UNCONTROLLED NAME
Name Prietl, Bianca
Relator code edt
720 1# - ADDED ENTRY--UNCONTROLLED NAME
Name Prietl, Bianca
Relator code oth
793 0# -
-- DOAB Library.
856 ## - ELECTRONIC LOCATION AND ACCESS
Uniform Resource Identifier <a href="https://docs.google.com/spreadsheets/d/1yKIrdCPDAG_9c22mwoOIO2DOhtj65Wqa/edit?usp=sharing&ouid=106555315294820607512&rtpof=true&sd=true ">https://docs.google.com/spreadsheets/d/1yKIrdCPDAG_9c22mwoOIO2DOhtj65Wqa/edit?usp=sharing&ouid=106555315294820607512&rtpof=true&sd=true </a>
Link text List of Curated E-Books
942 ## - ADDED ENTRY ELEMENTS (KOHA)
Koha item type E-Book
Holdings
Withdrawn status Damaged status Not for loan Home library Current library Date acquired Total Checkouts Date last seen Price effective from Koha item type
      Directory of Open Access Books Directory of Open Access Books 12/09/2024   12/09/2024 12/09/2024 E-Book

University of Rizal System
Email us at univlibservices@urs.edu.ph

Visit our Website www.urs.edu.ph/library